00572nam a2200205Ia 450000500170000000800460001703700110006304000080007404000080008204000080009004100080009804100080010608400080011410000400012224501180016226000090028030000100028965000080029970000590030720260430150032.0008 250103s9999 xx 000 0 eng d aTheses aCRL beng ceng 2eng aeng qCRL aYadav Pooja Au.; Bharti Sunanda Gu. 0aLegal and ethical issues of surrogacy: A comparative study of Indian, United States of America and United Kingdom c2021 a393p. aLaw aUniversity of Delhi. Faculty of Law. Department of Law